Dyskografia - Bedoes - Statystyki

Ogólne statystyki
  • Ten quiz został rozwiązany 212 razy
    107 od ostatniego zresetowania
  • Średni wynik to 5 z 7
Statystyki odpowiedzi
Rok Tytuł Wydanie % Poprawnych
2019 Opowieści z Doliny Smoków Album
100%
2018 Kwiat polskiej młodzieży Album
98%
2021 Rewolucja Romantyczna Album
94%
2017 Aby śmierć miała znaczenie Album
90%
2014 2114 EP
67%
2019 2119 EP
61%
2016 Squadshits (Bootleg) EP
37%
Nie znaleziono quizów pasujących do podanych kryteriów
Rozkład punktacji
Procent ludzi z każdym wynikiem
Percentyl według liczby udzielonych odpowiedzi
Twoja historia wyników
Nie rozwiązałeś tego quizu od ostatniego zresetowania